La vie ouvriere (Record no. 150589)

MARC details
000 -LEADER
campo de control de longitud fija 00554nam a2200169 i 4500
001 - NÚMERO DE CONTROL
campo de control 150589
003 - IDENTIFICADOR DE NÚMERO DE CONTROL
campo de control ES-MaACL
005 - FECHA Y HORA DE LA ÚLTIMA TRANSACCIÓN
campo de control 20230906203603.0
007 - CAMPO FIJO DE DESCRIPCIÓN FÍSICA--INFORMACIÓN GENERAL
campo de control de longitud fija t|
008 - DATOS DE LONGITUD FIJA--INFORMACIÓN GENERAL
campo de control de longitud fija 071031s1919 fr ||||1| fre d
100 1# - ENTRADA PRINCIPAL--NOMBRE DE PERSONA
Nombre de persona Valdour, Jacques.
9 (RLIN) 112555
245 13 - MENCIÓN DEL TÍTULO
Título La vie ouvriere
Resto del título : . L'ouvrier espagnol /
Mención de responsabilidad, etc. observations vécues par Jacques Valdour.
260 ## - PUBLICACIÓN, DISTRIBUCIÓN, ETC.
Lugar de publicación, distribución, etc. Paris :
Nombre del editor, distribuidor, etc. [s.n.],
Fecha de publicación, distribución, etc. 1919 (
Fabricante Imp. Jouve)
300 ## - DESCRIPCIÓN FÍSICA
Extensión 2 v. ;
Dimensiones 19 cm.
505 8# - NOTA DE CONTENIDO CON FORMATO
Nota de contenido con formato Contiene : I. Catalogue . - II. Andalousie, Aragon, Castille, Pays Basque
852 ## - LOCALIZACIÓN
Ubicación ES-MaACL
Número de control de estantería F-10109-10
Holdings
Estatus retirado Estado de pérdida Estado de daño No para préstamo Biblioteca de origen Biblioteca actual Ubicación en estantería Fecha de adquisición Fuente de adquisición Total de préstamos Signatura topográfica completa Código de barras Visto por última vez Precio de reemplazo Tipo de ítem Koha
        Biblioteca del Ateneo de Madrid Biblioteca del Ateneo de Madrid Depósito 2 17/01/2008     F-10109-10 1157134 23/02/2023 23/02/2023 Libro impreso